000 00522cam a2200193ua 4500
001 12008
005 20260515114827.0
008 200104n ii |||gr||||Z||||||eng
040 _cMAIN
082 _a891.4514
100 _a Hiren Gohain,
_eEditor.
245 _aJyotiprasad Rachanawali
_cEdited by Hiren Gohain
250 _a8th ed.
260 _aGuwahati:
_bPublication Board Assam,
_c2013.
300 _a1061p.
653 _aEast Indo-European & Celtic literatures
653 _aAssamese literature
942 _cBK
999 _c10781
_d10781